000 00512nam a2200181Ia 4500
003 GCL
008 140319s9999 xx 000 0 ara d
040 _aGCL /
_cGCL
082 0 4 _a812.008
_bم ا
100 1 _aاحمد كمال زكى
245 1 0 _aاراخت: مسرحية شعرية /
_cاحمد كمال زكى
700 1 _aمحمد العفيفى
300 _a189 ص
490 _a100 قصة
_v0
650 0 4 _aالادب العربى
650 0 4 _aالمسرحيات العربية
942 _2ddc
_cBK
999 _c46782
_d46782